Erster Torschütze im ersten Bundesliga Spiel - Statistiken

Allgemein
  • Dieses Quiz wurde 48 mal gespielt
  • Das Durchschnittsergebnis liegt bei 7 aus 12
Antwortstatistiken
Hint Antwort % Korrekt
25/26 / FCB : RBL Olise
93%
19/20 / FCB : BSC Lewandowski
87%
18/19 / FCB : TSG Müller
74%
14/15 / FCB : WOB Müller
74%
23/24 / SVW : FCB Sané
72%
20/21 / FCB : S04 Gnabry
70%
22/23 / SGE : FCB Kimmich
70%
24/25 / BMG : B04 Xhaka
41%
21/22 / BMG : FCB Pléa
30%
16/17 / FCB : SVW Alonso
26%
17/18 / FCB : B04 Süle
20%
15/16 / FCB : HSV Benatia
15%
Keine übereinstimmenden Quizze gefunden
Verteilung der Resultate
Anzahl Personen mit jedem Resultat
Perzentil nach korrekt beantworteten Fragen
Ihre Resultats-Entwicklung
Sie haben dieses Quiz noch nicht gespielt